00355nam a2200097Ia 4500082001800000245011600018260003400134300001400168650003100182650004400213 aRR 920.3 DIC; 0aDictionary of international biography international who's who in community service the Anglo-American who's who aNew YorkbMelrose Pressc1982 axv, 885p. aCelebrities - Dictionaries aBiography, International - Dictionaries